Guess the random Taylor Swift Song Lyrics 86 - Statistics

General Stats
  • This quiz has been taken 14 times
  • The average score is 425 of 500
Answer Stats
Answer % Correct
a
100%
I
100%
it
100%
shake
100%
Shake
100%
alright
92%
And
92%
and
92%
(and
92%
be
92%
brain
92%
But
92%
but
92%
can
92%
can't
92%
Can't
92%
'Cause
92%
dates
92%
'em
92%
go
92%
go)
92%
gonna
92%
Got
92%
got
92%
hate
92%
hate)
92%
haters
92%
(haters
92%
I'm
92%
in
92%
It's
92%
it's
92%
just
92%
Just
92%
late
92%
like
92%
make
92%
man
92%
many
92%
my
92%
My
92%
nothing
92%
of
92%
off
92%
"Oh
92%
oh
92%
on
92%
out
92%
people
92%
say
92%
Sayin'
92%
stay
92%
stop
92%
That's
92%
that's
92%
the
92%
they
92%
this
92%
to
92%
too
92%
We
92%
what
92%
won't
92%
Won't
92%
You
92%
you
92%
At
83%
come
83%
hair
83%
his
83%
keep
83%
least
83%
mind
83%
movin'
83%
music
83%
over
83%
play
83%
players
83%
see
83%
there
83%
with
83%
(yeah)
83%
Yeah
83%
about
75%
Baby
75%
baby
75%
beat
75%
break
75%
dirty
75%
don't
75%
down
75%
ex
75%
fella
75%
gettin'
75%
girlfriend
75%
good
75%
hella
75%
know
75%
liars
75%
mm
75%
(mm)
75%
never
75%
new
75%
own
75%
own)
75%
She's
75%
sick
75%
think
75%
world
75%
you've
75%
as
67%
been
67%
brought
67%
cheats
67%
could've
67%
dancin'
67%
(dancin'
67%
fake
67%
fake)
67%
feet
67%
God"
67%
groovin'
67%
Hey
67%
hey
67%
moves
67%
(moves
67%
up
67%
cruisin'
58%
fakers
58%
Heartbreakers
58%
miss
58%
while
58%
lightnin'
50%
(hoo
8%
hoo
8%
hoo)
8%
No matching quizzes found
Score Distribution
Percent of People with Each Score
Percentile by Number Answered
Your Score History
You have not taken this quiz